Human Resources Development and Utilization in Africa (Record no. 2613)
[ view plain ]
| 000 -LEADER | |
|---|---|
| fixed length control field | 01087nam a2200313 a 4500 |
| 001 - CONTROL NUMBER | |
| control field | 1995469 |
| 003 - CONTROL NUMBER IDENTIFIER | |
| control field | OSt |
| 005 - DATE AND TIME OF LATEST TRANSACTION | |
| control field | 20230626091641.0 |
| 008 - FIXED-LENGTH DATA ELEMENTS--GENERAL INFORMATION | |
| fixed length control field | 920821s1988 lo b 100 0 eng d |
| 010 ## - LIBRARY OF CONGRESS CONTROL NUMBER | |
| LC control number | 89981179 |
| 020 ## - INTERNATIONAL STANDARD BOOK NUMBER | |
| International Standard Book Number | 0620121025 |
| 035 ## - SYSTEM CONTROL NUMBER | |
| System control number | (OCoLC)19524681 |
| 040 ## - CATALOGING SOURCE | |
| Original cataloging agency | NcD |
| Transcribing agency | NcD |
| Modifying agency | DLC |
| 042 ## - AUTHENTICATION CODE | |
| Authentication code | lccopycat |
| 043 ## - GEOGRAPHIC AREA CODE | |
| Geographic area code | fs----- |
| 050 04 - LIBRARY OF CONGRESS CALL NUMBER | |
| Classification number | HD9017.S75 |
| Item number | C65 1987 |
| 082 04 - DEWEY DECIMAL CLASSIFICATION NUMBER | |
| Classification number | 331.1 |
| Item number | PRA |
| 111 2# - MAIN ENTRY--MEETING NAME | |
| Meeting name or jurisdiction name as entry element | Conference on Food Security Issues in Southern Africa |
| Date of meeting | (1987 : |
| Location of meeting | Maseru, Lesotho) |
| 245 10 - TITLE STATEMENT | |
| Title | Human Resources Development and Utilization in Africa |
| Statement of responsibility, etc. | edited by Kwesi K. Prah. |
| 260 ## - PUBLICATION, DISTRIBUTION, ETC. (IMPRINT) | |
| Place of publication, distribution, etc. | Maseru : |
| Name of publisher, distributor, etc. | Institute of Southern African Studies, National University of Lesotho, |
| Date of publication, distribution, etc. | 1988. |
| 300 ## - PHYSICAL DESCRIPTION | |
| Extent | iv, 233 p. ; |
| Dimensions | 21 cm. |
| 440 #0 - SERIES STATEMENT/ADDED ENTRY--TITLE | |
| Title | Southern African studies series ; |
| Volume/sequential designation | no. 4 |
| 504 ## - BIBLIOGRAPHY, ETC. NOTE | |
| Bibliography, etc | Includes bibliographies. |
| 650 #0 - SUBJECT ADDED ENTRY--TOPICAL TERM | |
| Topical term or geographic name as entry element | Food supply |
| Geographic subdivision | Africa, Southern |
| General subdivision | Congresses. |
| 700 1# - ADDED ENTRY--PERSONAL NAME | |
| Personal name | Prah, K. K. |
| 906 ## - LOCAL DATA ELEMENT F, LDF (RLIN) | |
| a | 7 |
| b | cbc |
| c | copycat |
| d | 4 |
| e | ncip |
| f | 19 |
| g | y-gencatlg |
| 942 ## - ADDED ENTRY ELEMENTS (KOHA) | |
| Source of classification or shelving scheme | Dewey Decimal Classification |
| Koha item type | Books |
| Withdrawn status | Lost status | Source of classification or shelving scheme | Damaged status | Not for loan | Home library | Current library | Date acquired | Total Checkouts | Full call number | Barcode | Date last seen | Price effective from | Koha item type |
|---|---|---|---|---|---|---|---|---|---|---|---|---|---|
| Dewey Decimal Classification | County Hall Archives | County Hall Archives | 06/26/2023 | 331.1 PRA | 10001457 | 06/26/2023 | 06/26/2023 | Books |
